000 00295nam a22001337a 4500
008 181011b xxu||||| |||| 00| 0 eng d
020 _a9780631207191
041 _aeng
080 _a159.9
100 _a48
101 _aPSI
245 _aDevelopmental Psychology
_cSlater, A
942 _2udc
_cBK
999 _c49462
_d49462